00644nam a2200157 a 450000100100000000500170001000800410002704000250006808200150009310000360010824501450014426000310028930000360032095201130035699900170046900004456620201002045451.0140717s1969 sp ac 000 p spa d aDO-SdBNPbspacBNPHU axxxxbxxxx1 aAsturias, Miguel Ángel93815110aComiendo en Hungría /cMiguel Ángel Asturias & Pablo Neruda; aperitivo por Iván Boldizsár; léxico abreviado por Zoltán Halász. aBarcelona :bLumen,c1969. a120 p. :bil., retrs. ;c25 cm. 001050718MOaGRbGRcCTd2014-07-17iLF1l0oxxxx xxxxp44566-10r2020-06-25w2020-06-25y1ZNo se presta c44055d44055